Astronomy today (4th edition) (Record no. 30785)
[ view plain ]
| 000 -LEADER | |
|---|---|
| fixed length control field | 00674nam a2200181 a 4500 |
| 008 - FIXED-LENGTH DATA ELEMENTS--GENERAL INFORMATION | |
| fixed length control field | 201113s2002 ||||||||||||||||| || u |
| 020 ## - INTERNATIONAL STANDARD BOOK NUMBER | |
| International Standard Book Number | 9780130915429 |
| 050 ## - LIBRARY OF CONGRESS CALL NUMBER | |
| Classification number | QB 43.3 Cha |
| 100 ## - MAIN ENTRY--PERSONAL NAME | |
| Personal name | Chaisson Eric |
| 245 10 - TITLE STATEMENT | |
| Title | Astronomy today (4th edition) |
| Statement of responsibility, etc. | By Eric Chaisson; Steve McMillan |
| 250 ## - EDITION STATEMENT | |
| Edition statement | 4th edition |
| 260 ## - PUBLICATION, DISTRIBUTION, ETC. | |
| Place of publication, distribution, etc. | Upper Saddle River |
| Name of publisher, distributor, etc. | Prentice Hall |
| Date of publication, distribution, etc. | 2002 |
| 300 ## - PHYSICAL DESCRIPTION | |
| Extent | xiii, 757 pages: illustrations |
| 350 ## - | |
| -- | 50.67 |
| 650 ## - SUBJECT ADDED ENTRY--TOPICAL TERM | |
| Topical term or geographic name entry element | ASTRONOMY |
| 700 ## - ADDED ENTRY--PERSONAL NAME | |
| Personal name | McMillan Steve |
| 995 ## - | |
| -- | MEDICAL LIBRARY OPEN ACCESS |
| -- | 905191 |
| -- | CBU-SCHOOL OF MEDICINE LIBRARY (Ndola) |
| -- | 50.67 |
| -- | QB 43.3 Cha |
| -- | 1 |
| -- | AVAILABLE |
| -- | Nov 17, 2020 |
| -- | 905191 |
| -- | Medical Library Open Access Collection |
| 999 ## - | |
| -- | 30785 |
| -- | 30785 |
| Withdrawn status | Lost status | Source of classification or shelving scheme | Damaged status | Not for loan | Permanent Location | Current Location | Shelving location | Date acquired | Total Checkouts | Full call number | Barcode | Date last seen | Price effective from | Koha item type |
|---|---|---|---|---|---|---|---|---|---|---|---|---|---|---|
| CBU-SCHOOL OF MEDICINE LIBRARY, NDOLA. | CBU-SCHOOL OF MEDICINE LIBRARY, NDOLA. | 11/30/2022 | QB 43.3 Cha | 905191 | 11/30/2022 | 11/30/2022 | MONOGRAPH |